Social context, institutional capacity, and police services: (Record no. 506922)

000 -LEADER
fixed length control field 01459nam a2200193Ia 4500
008 - FIXED-LENGTH DATA ELEMENTS--GENERAL INFORMATION
fixed length control field 181130s2018 xx 000 0 und d
100 ## - MAIN ENTRY--PERSONAL NAME
Personal name Leon-Moreta, Agustin
245 ## - TITLE STATEMENT
Title Social context, institutional capacity, and police services:
Remainder of title a local public economies perspective
260 ## - PUBLICATION, DISTRIBUTION, ETC.
Date of publication, distribution, etc. 2018
300 ## - PHYSICAL DESCRIPTION
Extent p.270-283.
504 ## - BIBLIOGRAPHY, ETC. NOTE
-- Mar/Apr
520 ## - SUMMARY, ETC.
Summary, etc. This article examines levels of policing services, focusing on an assessment of resources and their measurement for municipalities. Two measures of policing levels assess the reliability of the findings across alternative measurements. Social and institutional characteristics are explored to evaluate alternative explanations in policing efforts. The article presents four decades of census data for municipalities in metropolitan areas. The central finding is that unequal levels of policing are prevalent across American municipalities. An additional finding is that social and institutional contexts affect policing, based on a pooled time?series analysis of municipal governments. Although its main contribution is to local public economies research, the research also integrates the social and institutional literatures to identify factors in the allocation of resources to policing. - Reproduced.
650 ## - SUBJECT ADDED ENTRY--TOPICAL TERM
Topical term or geographic name entry element Municipal government - U.S.
650 ## - SUBJECT ADDED ENTRY--TOPICAL TERM
Topical term or geographic name entry element Municipalities - U.S.
650 ## - SUBJECT ADDED ENTRY--TOPICAL TERM
Topical term or geographic name entry element Police
650 ## - SUBJECT ADDED ENTRY--TOPICAL TERM
Topical term or geographic name entry element Policing - U.S.
773 ## - HOST ITEM ENTRY
Main entry heading Public Administration Review
906 ## - LOCAL DATA ELEMENT F, LDF (RLIN)
a Police
Holdings
Withdrawn status Lost status Damaged status Not for loan Permanent Location Current Location Date acquired Serial Enumeration / chronology Barcode Date last seen Price effective from Koha item type
        Indian Institute of Public Administration Indian Institute of Public Administration 2018-12-07 78(2), Mar/Apr, 2018: p.270-283. AR118717 2018-12-07 2018-12-07 Articles

Powered by Koha